Ratio fundamentalis institutionis diaconorum permanentium

Sábháilte in:
Sonraí bibleagrafaíochta
Údar corparáideach: Congregatio de Institutione Catholica (Údar)
Formáid: LEABHAR
Teanga:Laidin
Foilsithe / Cruthaithe: Ciudad del Vaticano Libreria Editrace Vaticana 1998
Ábhair:
Clibeanna: Cuir clib leis
Níl clibeanna ann, Bí ar an gcéad duine le clib a chur leis an taifead seo!

MARC

LEADER 00000nam a2200000 a 4500
001 UCP4114
003 CL-VaPUC
008 990724e19980000VC |||||||||||||||||lat|d
082 0 4 |a 262.14  |b CON  |2 21 
110 2 |a Congregatio de Institutione Catholica  |e author  |9 431538 
245 1 0 |a Ratio fundamentalis institutionis diaconorum permanentium 
300 |a 146 p 
942 |c BK 
945 |d 19990724 00:00:00  |a rbrito 
260 |a Ciudad del Vaticano  |b Libreria Editrace Vaticana  |c 1998 
650 7 |a DIACONOS  |2 CL-VaPUC  |9 257352 
650 7 |a DERECHO CANONICO  |2 CL-VaPUC  |9 431539 
583 |a last modification  |c 20170531 09:34:59  |k Rodrigo Vera 
999 |c 282180  |d 282178 
952 |0 0  |1 0  |4 0  |6 262_140000000000000_CON_1998  |7 0  |8 A  |9 323684  |a BIBTEO  |b BIBTEO  |d 2019-11-20  |i 3458482  |o 262.14 CON 1998  |p 3458482  |r 2025-01-17  |w 2019-11-20  |y BK  |k ICR